000 00271nam a22001217a 4500
041 _aENG
100 _aNarayana.V.V D
245 _aTechnologies For Wasteland Development
260 _aNew Delhi
_bICAR
_c1989
300 _a403
650 _aSWCE
856 _uSWCE ( 06 )
999 _c1899
_d1899